000 01127cam a2200289 a 4500
005 20260322212059.0
008 data
010 _a 2006022506
020 _a9781583332658
020 _a1583332650
040 _aDLC
_cDLC
_dVET
_dC#P
_dZJI
_dVP@
_dYDXCP
_dBTCTA
_dVET
041 0 9 _aeng
042 _anlmcopyc
044 _9United States
050 0 0 _aRC485
_b.D85 2006
060 1 0 _aWM 412
_bD877s 2006
082 0 0 _a616.89/122
_222
100 1 _aDukakis, Kitty.
245 1 0 _aShock :
_bthe healing power of electroconvulsive therapy /
_cKitty Dukakis & Larry Tye.
260 _aNew York :
_bAvery,
_cc2006.
300 _axiii, 289 p. ;
_c24 cm.
504 _aIncludes bibliographical references (p. [241]-281) and index.
505 0 _aAn anniversary to remember -- It's back -- A dark place -- Serendipity and science -- A litany of treatments, a dearth of cures -- In and out of the cuckoo's nest -- Lifting the cloud -- Body of evidence -- I forget -- Complications and controversies -- A shock to the system -- The mystery of how and why.
650 1 2 _aElectroconvulsive Therapy
700 1 _aTye, Larry.
001 data
999 _c1408
_d1408